Tripathgaa (Record no. 346567)

MARC details
000 -LEADER
fixed length control field 003010000a22001450004500
005 - DATE AND TIME OF LATEST TRANSACTION
control field 20120302054756.0
040 ## - CATALOGING SOURCE
Original cataloging agency HIN
245 ## - TITLE STATEMENT
Title Tripathgaa
260 ## - PUBLICATION, DISTRIBUTION, ETC. (IMPRINT)
Place of publication, distribution, etc Lucknow:Suchanaa Vibhaga,1958.
300 ## - PHYSICAL DESCRIPTION
Extent 168p.
650 ## - SUBJECT ADDED ENTRY--TOPICAL TERM
Topical term or geographic name as entry element Sankirna
650 ## - SUBJECT ADDED ENTRY--TOPICAL TERM
Topical term or geographic name as entry element Maasike
650 ## - SUBJECT ADDED ENTRY--TOPICAL TERM
Topical term or geographic name as entry element Tripathagaa
942 ## - ADDED ENTRY ELEMENTS (KOHA)
Koha item type Book
Holdings
Withdrawn status Lost status Damaged status Not for loan Home library Current library Date acquired Total Checkouts Barcode Date last seen Price effective from
        Institute For Oriental Study, Thane Institute For Oriental Study, Thane 12/02/2009   IOS-3165 12/02/2009 12/02/2009